000 01652nam0a2200349 4500
001 RU\NLR\bibl\1315061
005 20260408202638.0
010 _a978-5-901599-81-5
_92300
021 _aRU
_b2008-91534
_95353
035 _a(NLR Aleph) 001300457
090 _a615895
_c615895
100 _a20090114d2009 |||y0rusy50 ca
101 0 _arus
102 _aRU
105 _aa |||||||||
200 1 _aОбучение основам ремесла и развитие общения на занятиях в керамической мастерской
_f[Лаврентьева Т.Е., Караневская О.В.]
_gЦентр лечеб. педагогики (Москва)
210 _aМосква
_cТеревинф
_d2009
215 _a56, VIII с.
_cцв. ил.
_d20
225 1 _aЛечебная педагогика
_eметодические разработки
300 _aАвт. указаны на обороте тит. л.
320 _aБиблиогр.: с. 50-54
606 _aДети с ограниченными возможностями здоровья
_jМетодические пособия
_xОбучение лепке
_92551729
_3RU\NLR\AUTH\661509888
686 1 _aЧ430.135.582я8
700 1 _aЛаврентьева
_bТ. Е.
_gТамара Евгеньевна
_4070
701 1 _aКараневская
_bО. В.
_gОльга Викторовна
_4070
712 0 2 _4570
_aЦентр лечебной педагогики
_cМосква
_9526545
_3RU\NLR\AUTH\8810014313
801 0 _aRU
_bNLR
_c20090114
_gRCR
801 1 _aRU
_bNLR
_c20090114
942 _cBOOK
980 _aNB